000 00466nam a2200181Ia 4500
005 20250326125243.0
008 250326s9999 xx 000 0 und d
037 _aTextbook
040 _aFMSL
_beng
_cFMSL
041 _aeng
_2eng
084 _aX62 L7
_qFMSL
100 _aSavage D T
_9737179
245 0 _aMoney and banking
_cSavage D T
260 _aNY
_bNY, John Wiley
_c1977
300 _a491p
942 _cTB
_hX62 L7
999 _c1277213
_d1277213